[Event "POL-chT 1st League"]
[Site "Leba"]
[Date "2023.09.23"]
[Round "1.8"]
[White "Szusterowski, Radoslaw"]
[Black "Sygulski, Piotr"]
[Result "1/2-1/2"]
[WhiteElo "2217"]
[BlackElo "1978"]
[PlyCount "44"]
[EventDate "2023.09.23"]
[EventType "team-swiss"]
[EventRounds "9"]
[EventCountry "POL"]
[SourceTitle "EXT 2024"]
[Source "ChessBase"]
[SourceDate "2023.10.10"]
[SourceVersion "1"]
[SourceVersionDate "2023.10.10"]
[SourceQuality "1"]
[WhiteTeam "Czestochowa Hetman"]
[BlackTeam "Debica Gryf"]
[WhiteTeamCountry "POL"]
[BlackTeamCountry "POL"]

1. d4 d5 2. c4 c6 3. Nf3 Nf6 4. Nc3 e6 5. Bg5 h6 6. Bh4 dxc4 7. e4 g5 8. Bg3 b5 9. Be2 Bb7 10. h4 g4 11. Ne5 Bb4 12. Bxg4 Nbd7 13. Bf3 Qb6 14. 0-0 Rg8 15. Kh2 Nxe5 16. Bxe5 Be7 17. b3 cxb3 18. axb3 Rd8 19. Re1 Nd7 20. Bg3 Nf6 21. Be5 Nd7 22. Bg3 Nf6 1/2-1/2

[Event "EU-ch rapid"]
[Site "Katowice"]
[Date "2017.12.16"]
[Round "6"]
[White "Polzin, Rainer"]
[Black "Szusterowski, Radoslaw"]
[Result "1-0"]
[WhiteElo "2404"]
[BlackElo "2219"]
[PlyCount "77"]
[EventDate "2017.12.16"]
[EventType "swiss (rapid)"]
[EventRounds "11"]
[EventCountry "POL"]
[SourceTitle "CBM 182 Extra"]
[Source "ChessBase"]
[SourceDate "2018.02.23"]
[SourceVersion "1"]
[SourceVersionDate "2018.02.23"]
[SourceQuality "1"]

1. e4 c6 2. d4 d5 3. e5 Bf5 4. Nf3 e6 5. a3 h6 6. c4 Ne7 7. Nc3 Nd7 8. c5 b6 9. b4 g5 10. h3 bxc5 11. bxc5 Bg7 12. g4 Bg6 13. h4 gxh4 14. Rxh4 f6 15. exf6 Bxf6 16. g5 hxg5 17. Rxh8+ Bxh8 18. Nxg5 Nxc5 19. dxc5 Bxc3+ 20. Bd2 Qa5 21. Nxe6 Bxd2+ 22. Qxd2 Qxd2+ 23. Kxd2 Kd7 24. Nd4 Rh8 25. Bd3 Rh2 26. Rb1 Bxd3 27. Rb7+ Ke8 28. Kxd3 Rxf2 29. Rxa7 Rf1 30. a4 Rd1+ 31. Ke3 Rc1 32. a5 Rxc5 33. a6 Nc8 34. Rc7 Ra5 35. Rxc8+ Kd7 36. Rxc6 Ra3+ 37. Kf4 Ra4 38. Ke5 Rxd4 39. Rd6+ 1-0

[Event "POL-chT 1st League"]
[Site "Poronin"]
[Date "2016.09.11"]
[Round "9.4"]
[White "Goluch, Piotr"]
[Black "Szusterowski, Radoslaw"]
[Result "0-1"]
[WhiteElo "2330"]
[BlackElo "2224"]
[PlyCount "110"]
[EventDate "2016.09.03"]
[EventType "team-tourn"]
[EventRounds "9"]
[EventCountry "POL"]
[SourceTitle "CBM 174 Extra"]
[Source "ChessBase"]
[SourceDate "2016.10.10"]
[SourceVersion "1"]
[SourceVersionDate "2016.10.10"]
[SourceQuality "1"]
[WhiteTeam "Kopernik WKS"]
[BlackTeam "Czestochowa Hetman"]
[WhiteTeamCountry "POL"]
[BlackTeamCountry "POL"]

1. d4 d5 2. Nf3 Nf6 3. c4 c6 4. Nc3 a6 5. c5 g6 6. Bf4 Bg7 7. e3 0-0 8. Be2 Nbd7 9. h3 Ne4 10. 0-0 Nxc3 11. bxc3 e5 12. Nxe5 Nxe5 13. dxe5 Qe7 14. Qd4 Re8 15. Rad1 f6 16. exf6 Bxf6 17. Qb4 a5 18. Qa3 b5 19. Bf3 Bf5 20. Bd6 Qg7 21. Rc1 Be4 22. Be2 Qb7 23. Qb3 a4 24. Qb4 Qd7 25. Rfd1 Qf7 26. c4 bxc4 27. f3 Bf5 28. e4 Be6 29. Rc2 Bg5 30. Qc3 Bf4 31. Bxf4 Qxf4 32. Rb2 Rab8 33. Rdb1 Rxb2 34. Rxb2 Rb8 35. Rb6 Rc8 36. Rb7 Bf7 37. Qd4 h5 38. Kf2 h4 39. a3 Qg3+ 40. Kf1 Qf4 41. Kf2 Re8 42. Kg1 Qe5 43. Qxe5 Rxe5 44. Rb4 c3 45. Bd1 dxe4 46. Bxa4 exf3 47. Rb1 Rg5 48. Bxc6 Rxg2+ 49. Kh1 c2 50. Rc1 Rd2 51. Bxf3 Be8 52. Kg1 Ba4 53. c6 Bxc6 54. Bg4 Ba4 55. Kf1 Rd1+ 0-1

[Event "Krakow op-A 23rd"]
[Site "Krakow"]
[Date "2013.01.03"]
[Round "8"]
[White "Szusterowski, Radoslaw"]
[Black "Kulon, Klaudia"]
[Result "0-1"]
[WhiteElo "2216"]
[BlackElo "2287"]
[PlyCount "58"]
[EventDate "2012.12.27"]
[EventType "swiss"]
[EventRounds "9"]
[EventCountry "POL"]
[SourceTitle "CBM 152 Extra"]
[Source "ChessBase"]
[SourceDate "2013.02.25"]
[SourceVersion "1"]
[SourceVersionDate "2013.02.25"]
[SourceQuality "1"]

1. d4 f5 2. g3 d6 3. Nf3 Nf6 4. b3 g6 5. Bb2 Bg7 6. Bg2 0-0 7. 0-0 e6 8. c4 Nc6 9. Nbd2 Qe7 10. Re1 e5 11. e4 fxe4 12. dxe5 dxe5 13. Nxe4 Nxe4 14. Qd5+ Kh8 15. Qxe4 Bf5 16. Qe3 Rfe8 17. Rad1 a5 18. Rd5 a4 19. Nxe5 Nxe5 20. Bxe5 Bxe5 21. g4 Bc2 22. Qd2 Bxh2+ 23. Kxh2 Qxe1 24. Qxc2 Re2 25. Qd3 Qxf2 26. Qc3+ Kg8 27. Qh3 Qf4+ 28. Kg1 axb3 29. Rd7 Qf2+ 0-1

[Event "Krakow op-A 23rd"]
[Site "Krakow"]
[Date "2012.12.27"]
[Round "1"]
[White "Baryshpolets, Andrey"]
[Black "Szusterowski, Radoslaw"]
[Result "1-0"]
[WhiteElo "2502"]
[BlackElo "2216"]
[PlyCount "59"]
[EventDate "2012.12.27"]
[EventType "swiss"]
[EventRounds "9"]
[EventCountry "POL"]
[SourceTitle "CBM 152 Extra"]
[Source "ChessBase"]
[SourceDate "2013.02.25"]
[SourceVersion "1"]
[SourceVersionDate "2013.02.25"]
[SourceQuality "1"]

1. d4 Nf6 2. c4 c5 3. d5 e6 4. Nc3 exd5 5. cxd5 d6 6. Nf3 g6 7. g3 Bg7 8. Bg2 0-0 9. 0-0 Re8 10. Nd2 Nbd7 11. a4 Nh5 12. Nb5 Ne5 13. Ne4 Bf8 14. Bg5 f6 15. Bd2 a6 16. Na3 Bg7 17. a5 f5 18. Ng5 b5 19. axb6 Qxb6 20. Bc3 Rb8 21. e3 h6 22. Ne6 Bxe6 23. dxe6 Kh7 24. Bd5 Nf6 25. Nc4 Nxc4 26. Bxc4 d5 27. Rxa6 Qb7 28. Bxf6 dxc4 29. Qd7 Rg8 30. Ra7 1-0

[Event "Polanica Zdroj op-B 48th"]
[Site "Polanica Zdroj"]
[Date "2012.08.23"]
[Round "6"]
[White "Pietinen, Pekka"]
[Black "Szusterowski, Radoslaw"]
[Result "0-1"]
[WhiteElo "1990"]
[BlackElo "2200"]
[PlyCount "76"]
[EventDate "2012.08.18"]
[EventType "swiss"]
[EventRounds "9"]
[EventCountry "POL"]
[SourceTitle "EXT 2014"]
[Source "ChessBase"]
[SourceDate "2013.11.20"]
[SourceVersion "1"]
[SourceVersionDate "2013.11.20"]
[SourceQuality "1"]

1. Nf3 Nf6 2. g3 d5 3. Bg2 c6 4. 0-0 Bf5 5. d3 e6 6. Nbd2 Be7 7. b3 0-0 8. Nh4 Bg6 9. Nxg6 hxg6 10. e4 Nbd7 11. Bb2 Qc7 12. Qe2 dxe4 13. dxe4 e5 14. Nf3 a5 15. a4 Bc5 16. Bh3 Rfe8 17. Qc4 Rab8 18. Ng5 Re7 19. Rfd1 b5 20. Qe2 Qb6 21. Bc3 b4 22. Be1 Bd4 23. Rab1 Nc5 24. Qf3 Nb7 25. Bf1 Nd6 26. Bd3 c5 27. Qe2 Qc6 28. Bb5 Nxb5 29. axb5 Qxb5 30. Kf1 Qxe2+ 31. Kxe2 Rc7 32. Kd3 Ng4 33. f3 Ne3 34. Rdc1 c4+ 35. bxc4 Nxc4 36. c3 Be3 37. cxb4 Bxc1 38. Rxc1 Nb2+ 0-1

[Event "Polanica Zdroj op-B 48th"]
[Site "Polanica Zdroj"]
[Date "2012.08.21"]
[Round "4"]
[White "Piotrowski, Przemyslaw"]
[Black "Szusterowski, Radoslaw"]
[Result "0-1"]
[WhiteElo "1923"]
[BlackElo "2200"]
[PlyCount "90"]
[EventDate "2012.08.18"]
[EventType "swiss"]
[EventRounds "9"]
[EventCountry "POL"]
[SourceTitle "EXT 2014"]
[Source "ChessBase"]
[SourceDate "2013.11.20"]
[SourceVersion "1"]
[SourceVersionDate "2013.11.20"]
[SourceQuality "1"]

1. e4 d5 2. Nc3 d4 3. Nce2 Nc6 4. d3 e5 5. g3 Be6 6. Bg2 f6 7. f4 Qd7 8. Nf3 Bb4+ 9. Bd2 Bxd2+ 10. Qxd2 Nge7 11. 0-0 Nc8 12. c4 b6 13. b4 Qd6 14. b5 N6e7 15. Nh4 0-0 16. fxe5 Qxe5 17. Nf3 Qc5 18. Nfxd4 Bg4 19. Kh1 Rb8 20. Nb3 Qh5 21. Nf4 Qh6 22. Qf2 Nd6 23. Nd4 Ng6 24. Nxg6 hxg6 25. e5 fxe5 26. Bd5+ Kh7 27. Qxf8 Rxf8 28. Rxf8 Qe3 29. Nf3 e4 30. Ne5 Bh3 31. Bg8+ Kh6 32. Be6 Bxe6 33. Rh8+ Kg5 34. Rf1 Bh3 35. Rxh3 exd3 36. Nf3+ Kf6 37. Rh4 g5 38. Rd4 g4 39. Rxg4 Ke6 40. Rg6+ Kd7 41. Rxg7+ Kc8 42. Rg8+ Kb7 43. Ne5 Qxe5 44. Rff8 c6 45. Rd8 Kc7 0-1

[Event "Polanica Zdroj op-B 48th"]
[Site "Polanica Zdroj"]
[Date "2012.08.20"]
[Round "3"]
[White "Szusterowski, Radoslaw"]
[Black "Tomaszewski, Kacper"]
[Result "1/2-1/2"]
[WhiteElo "2200"]
[BlackElo "1939"]
[PlyCount "168"]
[EventDate "2012.08.18"]
[EventType "swiss"]
[EventRounds "9"]
[EventCountry "POL"]
[SourceTitle "EXT 2014"]
[Source "ChessBase"]
[SourceDate "2013.11.20"]
[SourceVersion "1"]
[SourceVersionDate "2013.11.20"]
[SourceQuality "1"]

1. Nf3 f5 2. b3 Nf6 3. Bb2 d6 4. d4 g6 5. g3 Bg7 6. Bg2 0-0 7. 0-0 c6 8. c4 Na6 9. Nbd2 Nc7 10. Qc2 Rb8 11. Rfe1 Qe8 12. e4 fxe4 13. Nxe4 Bf5 14. Nh4 Bxe4 15. Bxe4 Nxe4 16. Rxe4 g5 17. Ng2 Qf7 18. Rae1 Rbe8 19. Qe2 Qf6 20. f4 Rf7 21. Bc1 Ref8 22. fxg5 Qf2+ 23. Qxf2 Rxf2 24. a4 Ra2 25. Be3 Rf7 26. Nh4 d5 27. cxd5 Nxd5 28. g6 hxg6 29. Nxg6 Rb2 30. Nf4 Rxb3 31. Ne6 Nxe3 32. R1xe3 Rb1+ 33. Kg2 Rb2+ 34. Kh3 Bf6 35. Kg4 Rxh2 36. Rb3 b6 37. Rb4 Rc2 38. a5 b5 39. Rb1 Rh7 40. Rd1 Rc4 41. Kf5 Kf7 42. g4 Rc2 43. g5 Rf2+ 44. Rf4 Rxf4+ 45. Nxf4 Bxg5 46. Kxg5 Rh8 47. Kf5 Rd8 48. Ke5 b4 49. Rb1 Rb8 50. Nd3 b3 51. Rb2 Rb5+ 52. Nc5 Rxa5 53. Rxb3 Ra1 54. Rb7 Re1+ 55. Ne4 a5 56. Ra7 Rh1 57. Nd6+ Kf8 58. Ra8+ Kg7 59. Nf5+ Kf7 60. Rxa5 Rh5 61. Ra7 Kg6 62. Rxe7 Rxf5+ 63. Ke6 Rf4 64. Ke5 Rf5+ 65. Ke4 Rf6 66. Kd3 Rd6 67. Kc4 Kf6 68. Re5 Re6 69. Rh5 Ke7 70. Kc5 Rg6 71. Rh7+ Kd8 72. Ra7 Kc8 73. Rf7 Kd8 74. Rb7 Kc8 75. Ra7 Rh6 76. Kb6 c5+ 77. Kxc5 Kd8 78. d5 Rg6 79. Rh7 Rf6 80. Kd4 Ra6 81. Ke5 Rb6 82. Ra7 Rh6 83. Rf7 Ra6 84. Rh7 Rb6 1/2-1/2

[Event "Polanica Zdroj op-B 48th"]
[Site "Polanica Zdroj"]
[Date "2012.08.18"]
[Round "1"]
[White "Szusterowski, Radoslaw"]
[Black "Kowalczyk, Mariusz"]
[Result "0-1"]
[WhiteElo "2200"]
[BlackElo "1917"]
[PlyCount "70"]
[EventDate "2012.08.18"]
[EventType "swiss"]
[EventRounds "9"]
[EventCountry "POL"]
[SourceTitle "EXT 2014"]
[Source "ChessBase"]
[SourceDate "2013.11.20"]
[SourceVersion "1"]
[SourceVersionDate "2013.11.20"]
[SourceQuality "1"]

1. d4 d5 2. Nf3 Nf6 3. c4 c6 4. Nc3 e6 5. Bg5 Nbd7 6. e3 Qa5 7. Qb3 Ne4 8. Bf4 Bb4 9. Rc1 b6 10. Bd3 Ba6 11. a3 Bxc3+ 12. bxc3 0-0 13. Bxe4 dxe4 14. Nd2 e5 15. Bg3 f5 16. Qb4 Qxb4 17. axb4 f4 18. Bh4 Rae8 19. Ra1 Bc8 20. d5 cxd5 21. cxd5 h6 22. f3 exf3 23. Nxf3 fxe3 24. Rxa7 e4 25. Nd4 Ne5 26. Bg3 Ng4 27. Rf1 Nf6 28. c4 Bg4 29. h3 Bh5 30. Bd6 Ra8 31. Rxa8 Rxa8 32. g4 Nxg4 33. Nc2 e2 34. Rg1 Ne3 35. Be5 Nxc2+ 0-1

[Event "Rewal op-A 16th"]
[Site "Rewal"]
[Date "2011.08.27"]
[Round "8"]
[White "Szusterowski, Radoslaw"]
[Black "Sielicki, Tomasz"]
[Result "1-0"]
[WhiteElo "2122"]
[BlackElo "2022"]
[PlyCount "71"]
[EventDate "2011.08.19"]
[EventType "swiss"]
[EventRounds "9"]
[EventCountry "POL"]
[SourceTitle "CBM 144 Extra"]
[Source "ChessBase"]
[SourceDate "2011.10.28"]
[SourceVersion "1"]
[SourceVersionDate "2011.10.28"]
[SourceQuality "1"]

1. d4 d6 2. c4 e5 3. Nf3 e4 4. Nfd2 f5 5. Nc3 Nf6 6. e3 Be7 7. Be2 c6 8. g4 Na6 9. Rg1 g6 10. b3 Nc7 11. Ba3 d5 12. Bxe7 Qxe7 13. g5 Nd7 14. cxd5 cxd5 15. Qc2 Nb6 16. a4 a5 17. Bb5+ Kf7 18. Rc1 Be6 19. Qb2 Rhc8 20. Ke2 Na6 21. Bxa6 bxa6 22. f4 Rab8 23. Qa2 Qb4 24. Ncb1 Bd7 25. Qa3 Be8 26. Qa2 Nd7 27. Qa1 Nb6 28. Na3 Ke6 29. Rxc8 Rxc8 30. Rc1 Qd6 31. Rxc8 Nxc8 32. Qc3 Bd7 33. Nc2 Qb6 34. Qc5 Qc6 35. Qf8 Qxc2 36. Qf6# 1-0

[Event "Rewal op-A 16th"]
[Site "Rewal"]
[Date "2011.08.19"]
[Round "1"]
[White "Smolka, Marcin"]
[Black "Szusterowski, Radoslaw"]
[Result "0-1"]
[WhiteElo "1862"]
[BlackElo "2122"]
[PlyCount "72"]
[EventDate "2011.08.19"]
[EventType "swiss"]
[EventRounds "9"]
[EventCountry "POL"]
[SourceTitle "CBM 144 Extra"]
[Source "ChessBase"]
[SourceDate "2011.10.28"]
[SourceVersion "1"]
[SourceVersionDate "2011.10.28"]
[SourceQuality "1"]

1. e4 e6 2. d4 d5 3. Nc3 Bb4 4. e5 c5 5. a3 Bxc3+ 6. bxc3 Ne7 7. Qg4 Qc7 8. Qxg7 Rg8 9. Qxh7 cxd4 10. Qd3 dxc3 11. Ne2 Nbc6 12. f4 Bd7 13. Nxc3 a6 14. Rb1 Na5 15. g3 Rc8 16. Ne2 Bb5 17. Qd2 Nf5 18. Bh3 Qxc2 19. Rxb5 Qe4 20. Rg1 axb5 21. Bxf5 exf5 22. Qxa5 Rxc1+ 23. Kf2 Rc2 24. Qa8+ Ke7 25. Qxb7+ Kf8 26. Qxb5 Kg7 27. Qa6 Rgc8 28. Qf6+ Kg8 29. Re1 d4 30. Qg5+ Kf8 31. Qh6+ Ke8 32. Qh8+ Kd7 33. Qf6 Qd5 34. Qxf5+ Ke8 35. Rd1 R8c3 36. Rd3 Rxe2+ 0-1

[Event "Polanica Zdroj op-A 46th"]
[Site "Polanica Zdroj"]
[Date "2010.08.23"]
[Round "5"]
[White "Kuciel, Wladyslaw"]
[Black "Szusterowski, Radoslaw"]
[Result "0-1"]
[WhiteElo "2088"]
[BlackElo "2042"]
[PlyCount "112"]
[EventDate "2010.08.19"]
[EventType "swiss"]
[EventRounds "10"]
[EventCountry "POL"]
[SourceTitle "CBM 138 Extra"]
[Source "ChessBase"]
[SourceDate "2010.10.29"]
[SourceVersion "1"]
[SourceVersionDate "2010.10.29"]
[SourceQuality "1"]

1. d4 Nf6 2. Nf3 c5 3. c4 e6 4. Nc3 cxd4 5. Nxd4 Nc6 6. g3 Bb4 7. Bg2 0-0 8. 0-0 a6 9. Bf4 Bxc3 10. bxc3 d5 11. cxd5 Nxd5 12. Bd2 Na5 13. e4 Nb6 14. e5 Nac4 15. Bf4 Nd5 16. Qg4 Kh8 17. Rfe1 f5 18. Qe2 Ncb6 19. Bd2 Qc7 20. Bxd5 Nxd5 21. c4 Nb6 22. Rac1 Qc5 23. Nb3 Qa3 24. Ba5 Nd7 25. Qd2 Qa4 26. Bb4 Re8 27. Bd6 b6 28. Red1 Bb7 29. Nd4 Nc5 30. Rb1 Ne4 31. Qb4 Qd7 32. Rdc1 Nxd6 33. Qxd6 Qf7 34. Qxb6 Be4 35. Rb3 Rad8 36. f3 Ba8 37. Rd3 g5 38. Rcd1 g4 39. f4 Rb8 40. Qxa6 Qd7 41. Nxf5 Qc7 42. Ne3 Bf3 43. Rc1 Rb2 44. Qa4 Qf7 45. Rc2 Rb1+ 46. Kf2 Qh5 47. Nf1 Ra8 48. Qd7 Qh3 49. Qe7 Qxf1+ 50. Ke3 Qg1+ 51. Rf2 Qe1+ 52. Re2 Qxe2+ 53. Kd4 Qe4+ 54. Kc3 Qe1+ 55. Kd4 Qf2+ 56. Re3 Rd1+ 0-1

[Event "POL-chT U19 2nd League"]
[Site "Chelm Lubelski"]
[Date "2010.07.14"]
[Round "11"]
[White "Adamowicz, Maciej"]
[Black "Szusterowski, Radoslaw"]
[Result "1/2-1/2"]
[WhiteElo "1978"]
[BlackElo "2042"]
[PlyCount "61"]
[EventDate "2010.07.06"]
[EventType "team-tourn"]
[EventRounds "11"]
[EventCountry "POL"]
[SourceTitle "EXT 2011"]
[Source "ChessBase"]
[SourceDate "2010.11.26"]
[SourceVersion "1"]
[SourceVersionDate "2010.11.26"]
[SourceQuality "1"]
[WhiteTeam "Grzybowo GKSz Solny U19"]
[BlackTeam "Chorzowskie Towarzystwo Szachowe"]
[WhiteTeamCountry "POL"]
[BlackTeamCountry "POL"]

1. e4 d5 2. exd5 Qxd5 3. Nc3 Qa5 4. d4 Nf6 5. Nf3 Bf5 6. Bc4 e6 7. Ne5 Nbd7 8. Nxd7 Nxd7 9. d5 0-0-0 10. Bd2 Qc5 11. Bb3 exd5 12. Be3 Qa5 13. Qxd5 Qxd5 14. Nxd5 Nc5 15. 0-0-0 Nxb3+ 16. axb3 Be4 17. Nf4 Bd6 18. f3 Bc6 19. Nd3 Rhe8 20. Bf4 Bf8 21. Rhe1 f6 22. Rxe8 Rxe8 23. Re1 Rxe1+ 24. Nxe1 g5 25. Bg3 Bc5 26. Nd3 Be3+ 27. Kd1 h5 28. Bf2 Bxf2 29. Nxf2 Kd7 30. Kd2 Ke6 31. Ke3 1/2-1/2

[Event "POL-ch U18"]
[Site "Karpacz"]
[Date "2010.03.12"]
[Round "9"]
[White "Gulik, Pawel"]
[Black "Szusterowski, Radoslaw"]
[Result "1-0"]
[WhiteElo "1950"]
[BlackElo "2069"]
[PlyCount "69"]
[EventDate "2010.03.06"]
[EventType "swiss"]
[EventRounds "11"]
[EventCountry "POL"]
[SourceTitle "CBM 135 Extra"]
[Source "ChessBase"]
[SourceDate "2010.05.04"]
[SourceVersion "1"]
[SourceVersionDate "2010.05.04"]
[SourceQuality "1"]

1. b3 Nf6 2. Bb2 d5 3. f4 c5 4. e3 g6 5. Nf3 Bg7 6. Be2 0-0 7. 0-0 b6 8. d3 Bb7 9. h3 Nc6 10. Nbd2 d4 11. e4 Qc7 12. Nh2 Bh6 13. g3 e5 14. f5 Ne7 15. g4 Be3+ 16. Kh1 b5 17. a4 a6 18. Ndf3 c4 19. Bc1 Nc6 20. Ne1 Bxc1 21. Qxc1 Nb4 22. Qg5 Qd6 23. Nhf3 Kg7 24. fxg6 fxg6 25. Qxe5 Qxe5 26. Nxe5 Rae8 27. N5f3 Nfd5 28. axb5 Nf4 29. Nxd4 Nxe2 30. Rxf8 Rxf8 31. Ne6+ Kg8 32. Nxf8 axb5 33. Nd7 Nxc2 34. Nxc2 cxd3 35. Ne3 1-0

[Event "POL-ch U18"]
[Site "Karpacz"]
[Date "2010.03.07"]
[Round "2"]
[White "Janczarski, Michal"]
[Black "Szusterowski, Radoslaw"]
[Result "1-0"]
[WhiteElo "2220"]
[BlackElo "2069"]
[PlyCount "91"]
[EventDate "2010.03.06"]
[EventType "swiss"]
[EventRounds "11"]
[EventCountry "POL"]
[SourceTitle "CBM 135 Extra"]
[Source "ChessBase"]
[SourceDate "2010.05.04"]
[SourceVersion "1"]
[SourceVersionDate "2010.05.04"]
[SourceQuality "1"]

1. g3 g6 2. Bg2 Bg7 3. c4 e5 4. Nc3 Nc6 5. Rb1 d6 6. b4 Bf5 7. d3 Qd7 8. b5 Nd8 9. e4 Be6 10. Nge2 Ne7 11. 0-0 0-0 12. Nd5 Nc8 13. f4 c6 14. Ne3 f5 15. bxc6 bxc6 16. exf5 gxf5 17. d4 e4 18. d5 Bf7 19. Nd4 Bg6 20. dxc6 Nxc6 21. Bb2 Rb8 22. Nb3 Nb6 23. Bxg7 Kxg7 24. Qd2 Qe6 25. Rfd1 Rfd8 26. Na5 Nxa5 27. Qxa5 Rd7 28. Bh3 Rf8 29. Rb5 Rdf7 30. Qb4 Nc8 31. a4 Rd7 32. a5 Ne7 33. Rb7 Rfd8 34. Rxd7 Rxd7 35. Qb5 Rc7 36. Qb8 Qd7 37. Qb4 Rc6 38. c5 Nc8 39. Qd4+ Kg8 40. Nxf5 Bxf5 41. Qd5+ Qf7 42. Bxf5 Qxd5 43. Rxd5 Ne7 44. Bxe4 Rxc5 45. Rxc5 dxc5 46. Kf2 1-0